[Event "AUTO-OPEN-4429"]
[Site "http://www.queenalice.com/game.php?id=1807448"]
[Date "2023.3.7"]
[Round "1"]
[White "BGM9"]
[Black "Fredo"]
[Result "1-0"]
[WhiteElo "2082"]
[BlackElo "2048"]

1. d4 Nf6 2. c4 g6 3. Nc3 d5 4. Nf3 Bg7 5. e3 O-O 6. Be2 c5 7. O-O Nc6 8. a3
cxd4 9. Nxd4 Nxd4 10. exd4 dxc4 11. Bxc4 a6 12. Be3 b5 13. Be2 Bb7 14. Bf3 Bxf3
15. Qxf3 Rc8 16. Rac1 e6 17. Rfd1 Qe7 18. b4 Rfd8 19. Ne4 Nxe4 20. Qxe4 h6 21.
Rxc8 Rxc8 22. d5 exd5 23. Qxe7 1-0

[Event "AUTO-ADV-4614"]
[Site "http://www.queenalice.com/game.php?id=1813954"]
[Date "2023.6.14"]
[Round "2"]
[White "princesher"]
[Black "BGM9"]
[Result "0-1"]
[WhiteElo "1932"]
[BlackElo "2151"]

1. e4 c5 2. c4 Nc6 3. Ne2 g6 4. a3 Bg7 5. d3 e6 6. Bd2 Bxb2 7. Ra2 Bg7 8. h3
Nge7 9. g4 Nd4 10. Nxd4 Bxd4 11. Bc3 Nc6 12. Bg2 Qf6 13. Bxd4 Nxd4 14. O-O O-O
15. Nd2 Rb8 16. a4 b6 17. Nb3 Bb7 18. Nxd4 Qxd4 19. Kh1 f5 20. gxf5 exf5 21.
exf5 Bxg2+ 22. Kxg2 Rxf5 23. Qd2 Rbf8 24. Kh1 Qh4 25. Kh2 Rf3 26. Kg2 Qxh3+ 27.
Kg1 Rg3+ 28. fxg3 Rxf1# 0-1

[Event "AUTO-ADV-4614"]
[Site "http://www.queenalice.com/game.php?id=1813955"]
[Date "2023.6.14"]
[Round "2"]
[White "BGM9"]
[Black "princesher"]
[Result "1-0"]
[WhiteElo "2145"]
[BlackElo "1839"]

1. d4 e6 2. c4 h6 3. Nf3 c6 4. Nc3 d6 5. e4 a6 6. Be2 b5 7. b3 Nd7 8. O-O g5 9.
Bb2 b4 10. Na4 Bg7 11. e5 d5 12. cxd5 cxd5 13. Rc1 Bb7 14. Qd2 a5 15. Bb5 Ba6
16. Bxd7+ Qxd7 17. Nb6 Qb7 18. Nxa8 Bxf1 19. Nc7+ Kd7 20. Kxf1 Ne7 21. Qe2 Rc8
22. Qb5+ Qxb5+ 23. Nxb5 Rxc1+ 24. Bxc1 Nc8 25. a4 f6 26. Bb2 f5 27. h3 Kc6 28.
Ne1 Bf8 29. Nd3 Kb6 30. Nc5 Bxc5 31. dxc5+ Kxc5 32. Nd4 Kb6 33. Nxe6 f4 34. Nd8
h5 35. Nf7 g4 36. hxg4 hxg4 37. e6 Kc5 38. Be5 f3 39. Bf6 Kc6 40. gxf3 gxf3 41.
Ke1 Kc5 42. e7 Nxe7 43. Bxe7+ Kd4 44. Kd2 Ke4 45. Ng5+ Kf4 46. Kd3 Kf5 47. Kd4
Kg4 48. Kxd5 Kf5 49. Nxf3 Kf4 50. Nd4 Kg4 51. f3+ Kf4 52. Bd6+ Kg5 53. f4+ Kf6
54. f5 Kg5 55. Be7+ Kh6 56. Ke6 Kg7 57. f6+ Kg8 58. f7+ Kh7 59. f8=Q Kg6 60.
Qf6+ Kh5 61. Qg5# 1-0

[Event "AUTO-ADV-4614"]
[Site "http://www.queenalice.com/game.php?id=1813956"]
[Date "2023.6.14"]
[Round "2"]
[White "chessman"]
[Black "BGM9"]
[Result "1/2-1/2"]
[WhiteElo "1939"]
[BlackElo "2156"]

1. e4 c5 2. Nf3 d6 3. Bb5+ Bd7 4. Bxd7+ Nxd7 5. O-O Ngf6 6. Re1 Qc7 7. c3 g6 8.
d4 cxd4 9. cxd4 Bg7 10. Qe2 Rc8 11. Nc3 e5 12. Bg5 O-O 13. dxe5 Nxe5 14. Nxe5
dxe5 15. Bxf6 Bxf6 16. Nd5 Qd6 17. Nxf6+ Qxf6 18. f3 Qb6+ 19. Kh1 Rc7 20. Qd2
Rfc8 21. b3 Rc2 22. Qe3 Qb4 23. Qxa7 Qc3 24. Qg1 b5 25. h3 Qd2 26. a4 bxa4 27.
bxa4 Ra8 28. Red1 Qg5 29. a5 Rc7 30. Rd3 Qe7 31. Rd5 Rca7 32. Qc5 Qxc5 33. Rxc5
f6 34. Kg1 Kf7 35. Kf2 Ke7 36. Ke3 Kd6 37. Rb5 Ra6 38. Kd3 Kc6 39. Rd5 Rb8 40.
Rc1+ Kb7 41. Ra1 Ka7 1/2-1/2

[Event "AUTO-ADV-4614"]
[Site "http://www.queenalice.com/game.php?id=1813957"]
[Date "2023.6.14"]
[Round "2"]
[White "BGM9"]
[Black "chessman"]
[Result "1-0"]
[WhiteElo "2152"]
[BlackElo "1893"]

1. d4 d5 2. c4 c6 3. Nf3 Nf6 4. Bg5 e6 5. a3 Be7 6. e3 O-O 7. Nc3 Re8 8. Bd3 a6
9. O-O Nbd7 10. Qc2 dxc4 11. Bxc4 h6 12. Bh4 Nb6 13. Bd3 Bd7 14. Bxf6 Bxf6 15.
Ne4 Qe7 16. Nxf6+ Qxf6 17. e4 Qe7 18. b4 Rad8 19. Rfd1 Nc8 20. e5 Nb6 21. Rac1
Nd5 22. Qd2 b5 23. Bb1 f5 24. exf6 Qxf6 25. Ne5 1-0

[Event "Challenge"]
[Site "http://www.queenalice.com/game.php?id=1818314"]
[Date "2023.8.9"]
[Round "-"]
[White "BGM9"]
[Black "jogo"]
[Result "0-1"]
[WhiteElo "2070"]
[BlackElo "2025"]

1. d4 Nf6 2. c4 g6 3. Nc3 d5 4. e3 Bg7 5. Nf3 O-O 6. Bd3 Bg4 7. h3 Bc8 8. b3 Re8
9. O-O c6 10. Bb2 Qc7 11. Rc1 dxc4 12. bxc4 Rd8 13. Qc2 a6 14. a4 e6 15. e4 Bh6
16. Rcd1 c5 17. d5 e5 18. Ne2 Re8 19. Ng3 b6 20. Qc3 Nbd7 21. Rfe1 Bf4 22. Nf1
Bh6 23. Ng3 Bb7 24. Re2 Nf8 25. Nxe5 Bg7 26. Ng4 Nh5 0-1

[Event "Challenge"]
[Site "http://www.queenalice.com/game.php?id=1818315"]
[Date "2023.8.9"]
[Round "-"]
[White "BGM9"]
[Black "jogo"]
[Result "1-0"]
[WhiteElo "2129"]
[BlackElo "1960"]

1. d4 Nf6 2. c4 g6 3. Nc3 d5 4. e3 Bg7 5. Nf3 O-O 6. Be2 Bf5 7. O-O c6 8. b3 Re8
9. Bb2 Nbd7 10. Rc1 dxc4 11. bxc4 e5 12. d5 cxd5 13. Nxd5 Nxd5 14. cxd5 e4 15.
Nd4 Bxd4 16. Qxd4 Ne5 17. d6 f6 18. Rc7 Nc6 19. Bc4+ Kh8 20. Qxf6+ Qxf6 21.
Bxf6# 1-0

[Event "AUTO-OPEN-4465"]
[Site "http://www.queenalice.com/game.php?id=1818410"]
[Date "2023.8.10"]
[Round "1"]
[White "Pipo712"]
[Black "BGM9"]
[Result "1-0"]
[WhiteElo "2120"]
[BlackElo "2135"]

1. e4 c5 2. Nf3 d6 3. d4 cxd4 4. Nxd4 Nf6 5. Nc3 a6 6. Bg5 e6 7. f4 Be7 8. Qf3
Nbd7 9. O-O-O O-O 10. g4 e5 11. Nf5 h6 12. Bxh6 gxh6 13. Nxh6+ Kg7 14. Nf5+ 1-0

[Event "AUTO-OPEN-4465"]
[Site "http://www.queenalice.com/game.php?id=1818436"]
[Date "2023.8.10"]
[Round "1"]
[White "BGM9"]
[Black "Carlos19"]
[Result "0-1"]
[WhiteElo "2148"]
[BlackElo "1595"]

1. d4 d5 2. c4 e6 3. Nf3 Nc6 4. e3 Bb4+ 5. Bd2 dxc4 6. Bxc4 h6 7. a3 Bxd2+ 8.
Nbxd2 Nf6 9. O-O a6 10. Rc1 O-O 11. Qc2 b5 12. Bxb5 axb5 13. Qxc6 Bd7 14. Qxc7
Nd5 15. Qxd8 Raxd8 16. Ne5 Bc8 17. e4 Nb6 18. Nc6 Rd7 19. Nf3 Bb7 20. Nce5 Re7
21. Rfe1 Rc8 22. Rc5 Rxc5 23. dxc5 Nc4 24. c6 Ba8 25. Rd1 Kh7 26. Rd7 Rxd7 27.
cxd7 Nxe5 28. d8=Q Bc6 29. Nxe5 Bxe4 30. Nxf7 Kg6 31. Nd6 Bd5 32. Qe8+ Kh7 33.
Qf7 Bb3 34. Qf3 Bd5 35. Qd3+ g6 36. Qxb5 h5 37. Qd7+ Kh6 38. Qf7 h4 39. Qf6 Kh5
0-1

[Event "AUTO-OPEN-4465"]
[Site "http://www.queenalice.com/game.php?id=1818437"]
[Date "2023.8.10"]
[Round "1"]
[White "Carlos19"]
[Black "BGM9"]
[Result "0-1"]
[WhiteElo "1633"]
[BlackElo "2128"]

1. e4 c5 2. d4 cxd4 3. Qxd4 Nc6 4. Qd1 d6 5. Nf3 g6 6. Bc4 Bg7 7. Nc3 a6 8. Ng5
e6 9. a3 Nf6 10. Bf4 h6 11. Nf3 e5 12. Bd2 O-O 13. h3 b5 14. Ba2 Bb7 15. Nd5
Nxe4 16. c4 f5 17. cxb5 axb5 18. Nb6+ Kh8 19. Nxa8 Nxd2 20. Nxd2 Nd4 21. f3 e4
22. Rb1 Qxa8 23. fxe4 Bxe4 24. Kf2 Qa7 25. Nxe4 fxe4+ 26. Kg3 Nf5+ 27. Kh2 Be5+
28. g3 Qf2# 0-1

[Event "AUTO-OPEN-4465"]
[Site "http://www.queenalice.com/game.php?id=1818438"]
[Date "2023.8.10"]
[Round "1"]
[White "BGM9"]
[Black "Canaye"]
[Result "1-0"]
[WhiteElo "2136"]
[BlackElo "1546"]

1. d4 e6 2. c4 d5 3. Nf3 c5 4. e3 Nf6 5. Nc3 cxd4 6. exd4 Bb4 7. Bd2 O-O 8. Bd3
Nc6 9. a3 Ba5 10. b4 Bc7 11. c5 b6 12. O-O a6 13. Re1 Re8 14. Qc2 Ne7 15. Ne5
Nc6 16. Nxc6 Qd7 17. b5 a5 18. Na4 Bb7 19. Ne5 Qd8 20. Bg5 h6 21. Bh4 g5 22. Bg3
Nh5 23. cxb6 Bxb6 24. Qe2 Bxd4 25. Rad1 Nxg3 26. hxg3 Qe7 27. Bh7+ 1-0

[Event "AUTO-OPEN-4465"]
[Site "http://www.queenalice.com/game.php?id=1818439"]
[Date "2023.8.10"]
[Round "1"]
[White "Canaye"]
[Black "BGM9"]
[Result "0-1"]
[WhiteElo "1902"]
[BlackElo "2123"]

1. d4 Nf6 2. c4 g6 3. Nc3 Bg7 4. e4 d6 5. Bd3 Nbd7 6. Nge2 O-O 7. O-O c5 8. d5
Ne5 9. Rb1 b6 10. b3 Bd7 11. Bc2 Re8 12. f4 Neg4 13. h3 Nh6 14. Ng3 Qc8 15. f5
Kh8 16. fxg6 fxg6 17. Bf4 Nf7 18. Qe2 Rf8 19. e5 dxe5 20. Bxe5 Nxe5 21. Qxe5 Nh5
22. Nxh5 Bxe5 0-1

[Event "Challenge"]
[Site "http://www.queenalice.com/game.php?id=1818491"]
[Date "2023.8.10"]
[Round "-"]
[White "jogo"]
[Black "BGM9"]
[Result "1-0"]
[WhiteElo "2006"]
[BlackElo "2089"]

1. e4 c5 2. a3 g6 3. c3 Nc6 4. d4 cxd4 5. cxd4 d6 6. f4 Bg7 7. Nf3 Nf6 8. Nc3 a6
9. Bd3 e6 10. h3 O-O 11. Be3 Qc7 12. Rc1 e5 13. fxe5 dxe5 14. dxe5 Nxe5 15. Nxe5
Qxe5 16. O-O Be6 17. Bf4 Qd4+ 18. Kh1 Nh5 19. Bh2 Be5 20. Bc2 Qe3 21. Bxe5 Ng3+
22. Bxg3 Qxg3 23. Qf3 Qxf3 24. Rxf3 Rac8 25. Rcf1 1-0

[Event "AUTO-MASTER-3180"]
[Site "http://www.queenalice.com/game.php?id=1818865"]
[Date "2023.8.16"]
[Round "1"]
[White "ChessColossos"]
[Black "BGM9"]
[Result "1-0"]
[WhiteElo "2174"]
[BlackElo "2037"]

1. e4 c5 2. Nf3 d6 3. Bb5+ Bd7 4. Bxd7+ Nxd7 5. O-O Ngf6 6. Nc3 a6 7. a4 e6 8.
Re1 Be7 9. d4 cxd4 10. Nxd4 O-O 11. Nf3 Qc7 12. Bg5 h6 13. Bxf6 Nxf6 14. Qe2 Nd7
15. h3 Rac8 16. Rec1 Bf6 17. Nd1 Rfd8 18. c3 Nc5 19. Nd2 1-0

[Event "AUTO-MASTER-3180"]
[Site "http://www.queenalice.com/game.php?id=1818866"]
[Date "2023.8.16"]
[Round "1"]
[White "BGM9"]
[Black "ChessColossos"]
[Result "0-1"]
[WhiteElo "2026"]
[BlackElo "2182"]

1. d4 e6 2. c4 Bb4+ 3. Bd2 Qe7 4. a3 Bxd2+ 5. Nxd2 Nf6 6. Ngf3 O-O 7. e3 b6 8.
g3 Bb7 9. Bg2 a5 10. O-O a4 11. Rc1 d6 12. Qc2 Rc8 13. Rfe1 c5 14. Qd3 Nbd7 15.
Ng5 Bxg2 16. Kxg2 h6 17. Nge4 Nxe4 18. Nxe4 d5 19. cxd5 exd5 20. Nc3 Nf6 0-1

[Event "AUTO-MASTER-3180"]
[Site "http://www.queenalice.com/game.php?id=1818881"]
[Date "2023.8.16"]
[Round "1"]
[White "BGM9"]
[Black "attachui"]
[Result "0-1"]
[WhiteElo "2052"]
[BlackElo "2085"]

1. d4 Nf6 2. c4 g6 3. Nc3 Bg7 4. e4 O-O 5. f3 d6 6. Be3 e5 7. d5 Nbd7 8. Bd3 c6
9. Nge2 Ne8 10. Rc1 cxd5 0-1

[Event "AUTO-MASTER-3180"]
[Site "http://www.queenalice.com/game.php?id=1818882"]
[Date "2023.8.16"]
[Round "1"]
[White "attachui"]
[Black "BGM9"]
[Result "1-0"]
[WhiteElo "2074"]
[BlackElo "2016"]

1. d4 Nf6 2. c4 e6 3. Nc3 c5 4. Bf4 cxd4 5. Qxd4 Nc6 6. Qd1 Bb4 7. Qc2 O-O 8. a3
Bxc3+ 9. Qxc3 Ne4 10. Qe3 d5 11. Nf3 Qa5+ 12. Nd2 1-0